General knowledge. (Record no. 105451)
[ view plain ]
| 000 -LEADER | |
|---|---|
| fixed length control field | 00486nam a2200169 a 4500 |
| 005 - DATE AND TIME OF LATEST TRANSACTION | |
| control field | 20140412111400.0 |
| 008 - FIXED-LENGTH DATA ELEMENTS--GENERAL INFORMATION | |
| fixed length control field | 060126s19uu xx 00 eng d |
| 020 ## - INTERNATIONAL STANDARD BOOK NUMBER | |
| International Standard Book Number | 1-84236-160-0 |
| 050 ## - LIBRARY OF CONGRESS CALL NUMBER | |
| Classification number | REF 030 |
| Item number | Fa21ge 2002 |
| 245 ## - TITLE STATEMENT | |
| Title | General knowledge. |
| 260 ## - PUBLICATION, DISTRIBUTION, ETC. (IMPRINT) | |
| Place of publication, distribution, etc | Great Bardfield, Essex : |
| Name of publisher, distributor, etc | Mile Kelly Publishing LTd, |
| Date of publication, distribution, etc | 2002. |
| 300 ## - PHYSICAL DESCRIPTION | |
| Extent | 1 v. (unp.) ; ill. |
| 440 ## - SERIES STATEMENT/ADDED ENTRY--TITLE | |
| Title | Family Flip Quiz |
| 500 ## - GENERAL NOTE | |
| General note | Famili flip quiz |
| 650 ## - SUBJECT ADDED ENTRY--TOPICAL TERM | |
| Topical term or geographic name as entry element | Trivias |
| General subdivision | Juvenile literature |
| Withdrawn status | Lost status | Damaged status | Use restrictions | Home library | Current library | Shelving location | Date acquired | Source of acquisition | Cost, normal purchase price | Total Checkouts | Full call number | Barcode | Date last seen | Price effective from | Koha item type |
|---|---|---|---|---|---|---|---|---|---|---|---|---|---|---|---|
| Elizalde Library | Elizalde Library | Reference Section | 01/26/2006 | 795.00 | REF 030 Fa21ge 2002 | E10155 | 04/12/2014 | 04/12/2014 | Books |